Southville International School and Colleges
Your cart is empty.
  • Cart
  • Lists
    Public lists Eva Luna New books Lux_list list_1
    Your lists Log in to create your own lists
  • Log in to your account
  • Your cookies
  • Search history
Southville International School and Colleges
  • Advanced search
  • Recent comments
  • Most popular
  • Libraries

Log in to your account

Log in with GOOGLE


If you do not have an external account, but do have a local account, you can still log in:

  1. Home
  2. MARC view: Global meetings and exhibitions /
Normal view MARC view ISBD view

Global meetings and exhibitions / (Record no. 15717)

[ view plain ]
MARC details
000 -LEADER
fixed length control field 02156cam a2200421 a 4500
001 - CONTROL NUMBER
control field 14317372
003 - CONTROL NUMBER IDENTIFIER
control field OSt
005 - DATE AND TIME OF LATEST TRANSACTION
control field 20140310182750.0
008 - FIXED-LENGTH DATA ELEMENTS--GENERAL INFORMATION
fixed length control field 060327s2007 njua bf 001 0 eng
010 ## - LIBRARY OF CONGRESS CONTROL NUMBER
LC control number 2006010268
020 ## - INTERNATIONAL STANDARD BOOK NUMBER
International Standard Book Number 0471699403 (cloth)
020 ## - INTERNATIONAL STANDARD BOOK NUMBER
International Standard Book Number 9780471699408 (cloth)
035 ## - SYSTEM CONTROL NUMBER
System control number (OCoLC)ocm65978493
035 ## - SYSTEM CONTROL NUMBER
System control number (OCoLC)65978493
040 ## - CATALOGING SOURCE
Original cataloging agency DLC
Transcribing agency DLC
Modifying agency BAKER
-- C#P
-- BTCTA
-- YDXCP
-- DLC
050 ## - LIBRARY OF CONGRESS CALL NUMBER
Classification number AS 6
Item number .K795 2007
100 1# - MAIN ENTRY--PERSONAL NAME
Personal name Krugman, Carol.
Dates associated with a name 1948-
245 10 - TITLE STATEMENT
Title Global meetings and exhibitions /
Statement of responsibility, etc Carol Krugman, Rudy R. Wright.
260 ## - PUBLICATION, DISTRIBUTION, ETC. (IMPRINT)
Place of publication, distribution, etc Hoboken, N.J. :
Name of publisher, distributor, etc John Wiley & Sons,
Date of publication, distribution, etc 2007.
300 ## - PHYSICAL DESCRIPTION
Extent xxiii, 263 p. :
Other physical details ill. ;
Dimensions 25 cm.
440 #4 - SERIES STATEMENT/ADDED ENTRY--TITLE
Title The Wiley event management series
504 ## - BIBLIOGRAPHY, ETC. NOTE
Bibliography, etc Includes bibliographical references and index.
505 0# - FORMATTED CONTENTS NOTE
Formatted contents note Fundamentals of meetings, conventions, and exhibitions -- Decision factors -- Destination assessment -- Organizing and hosting international events -- Managing currency and finances -- Program planning and development -- Cultural consideration -- Marketing the event -- International contracts and legalities -- Implementing the meeting plan -- Exhibiting abroad -- On-site operations -- Preparing for travel abroad -- Safety and security -- Event technology.
521 ## - TARGET AUDIENCE NOTE
Target audience note
650 #0 - SUBJECT ADDED ENTRY--TOPICAL TERM
Topical term or geographic name as entry element Congresses and conventions
General subdivision Planning
Form subdivision Handbooks, manuals, etc.
650 #0 - SUBJECT ADDED ENTRY--TOPICAL TERM
Topical term or geographic name as entry element Meetings
General subdivision Planning
Form subdivision Handbooks, manuals, etc.
650 #0 - SUBJECT ADDED ENTRY--TOPICAL TERM
Topical term or geographic name as entry element Exhibitions
General subdivision Planning
Form subdivision Handbooks, manuals, etc.
650 #0 - SUBJECT ADDED ENTRY--TOPICAL TERM
Topical term or geographic name as entry element International relations
Form subdivision Miscellanea.
700 1# - ADDED ENTRY--PERSONAL NAME
Personal name Wright, Rudy R.
856 41 - ELECTRONIC LOCATION AND ACCESS
Materials specified Table of contents only
Uniform Resource Identifier <a href="http://www.loc.gov/catdir/toc/ecip0611/2006010268.html">http://www.loc.gov/catdir/toc/ecip0611/2006010268.html</a>
856 42 - ELECTRONIC LOCATION AND ACCESS
Materials specified Contributor biographical information
Uniform Resource Identifier <a href="http://www.loc.gov/catdir/enhancements/fy0740/2006010268-b.html">http://www.loc.gov/catdir/enhancements/fy0740/2006010268-b.html</a>
856 42 - ELECTRONIC LOCATION AND ACCESS
Materials specified Publisher description
Uniform Resource Identifier <a href="http://www.loc.gov/catdir/enhancements/fy0740/2006010268-d.html">http://www.loc.gov/catdir/enhancements/fy0740/2006010268-d.html</a>
906 ## - LOCAL DATA ELEMENT F, LDF (RLIN)
a 7
b cbc
c orignew
d 1
e ecip
f 20
g y-gencatlg
942 ## - ADDED ENTRY ELEMENTS (KOHA)
Source of classification or shelving scheme Library of Congress Classification
Koha item type Books
Call number prefix Foreign
Holdings
Withdrawn status Lost status Source of classification or shelving scheme Damaged status Home library Current library Shelving location Date acquired Total Checkouts Full call number Barcode Date last seen Copy number Price effective from Koha item type
    Library of Congress Classification   College Library College Library General Circulation Section 12/09/2013   AS 6 .K795 2007 C9021 05/15/2018 1 12/09/2013 Books

Global meetings and exhibitions /

APA

Krugman C., Wright R. R., . (2007). Global meetings and exhibitions. Hoboken, N.J: John Wiley & Sons.

Chicago

Krugman Carol, Wright Rudy R, . 2007. Global meetings and exhibitions. Hoboken, N.J: John Wiley & Sons.

Harvard

Krugman C., Wright R. R., . (2007). Global meetings and exhibitions. Hoboken, N.J: John Wiley & Sons.

MLA

Krugman Carol, Wright Rudy R, . Global meetings and exhibitions. Hoboken, N.J: John Wiley & Sons. 2007.

  • Place hold
  • Print
  • Cite
  • Add to your cart (remove)
  • Save record
    BIBTEX Dublin Core MARCXML MARC (non-Unicode/MARC-8) MARC (Unicode/UTF-8) MARC (Unicode/UTF-8, Standard) MODS (XML) RIS
  • More searches
    Search for this title in:
    Other Libraries (WorldCat) Other Databases (Google Scholar) Online Stores (Bookfinder.com) Open Library (openlibrary.org)

Exporting to Dublin Core...

SOUTHVILLE LIBRARY

Southville International School and Colleges Library

1281 Tropical Ave. Cor. Luxembourg St., BF Homes International, Las Pinas City

Tel. No. 8256374 / 252358 Loc. 117/146

Powered by Koha